Everyone communicates few connect : what the most effective people do differently (Record no. 4494)

MARC details
000 -LEADER
fixed length control field 00392nam a22001337a 4500
008 - FIXED-LENGTH DATA ELEMENTS--GENERAL INFORMATION
fixed length control field 250917b |||||||| |||| 00| 0 eng d
020 ## - INTERNATIONAL STANDARD BOOK NUMBER
ISBN 9781400280803
100 ## - MAIN ENTRY--AUTHOR
Author Maxwell John C
245 ## - TITLE STATEMENT
Title Everyone communicates few connect : what the most effective people do differently
260 ## - PUBLICATION, DISTRIBUTION, ETC. (IMPRINT)
Place of publication Nashville
Name of publisher Thomas Nelson
Date of publication 2010
300 ## - COLLATION
Pagination xiv, 261p.
Other physical details ill
942 ## - ADDED ENTRY ELEMENTS (KOHA)
Item type Books
050 ## - LIBRARY OF CONGRESS CALL NUMBER
Classification number HF5718
Item number .M39
Holdings
Source of classification or shelving scheme Not for loan Permanent location Current location Date acquired Accession No. Full call number Barcode. Koha item type
Library of Congress Classification   Samuel Ogbemudia Main Library, University of Abuja Samuel Ogbemudia Main Library, University of Abuja 09/17/2025 2025/65497 HF5718.M39 2025-3281 Books